00297nam a2200109 i 4500020001500000082001700015100002100032245003700053260003800090300001900128650004000147 a019855134700a541.3076 WOO1 aWood, Alexander.10aProblems in physical chemistry / aOxford :bClarendon Press,c1974. aviii, 167 p. ; 0aChemistry, Physical and theoretical